Loading...

Great Indian short stories/

Bibliographic Details
Format: Printed Book
Published: New Delhi: Vishvabharti Publications, 2013.
Subjects:
LEADER 00525 a2200133 4500
020 |a 9789381906231 
082 |a In 823.010 8  |b Q3 
245 |a Great Indian short stories/ 
260 |a New Delhi:  |b Vishvabharti Publications,  |c 2013. 
300 |a 752p. 
650 |a Short stories, Indian English-Collection.  |9 18402 
942 |c BK 
999 |c 63113  |d 63113 
952 |0 0  |1 0  |4 0  |6 IN_823_010000000000000_8_Q3  |7 0  |9 54948  |a MGUL  |b MGUL  |c GEN  |d 2014-02-26  |e Arunima Books Billno 200 26/02/2014  |g 995.00  |l 1  |m 1  |o In 823.010 8 Q3  |p 51270  |r 2019-06-09  |s 2019-05-03  |y BK